01963nam a2200409 i 4500001000300000003000900003005001700012008003900029015001800068020001500086040001400101041001800115080002700133080002300160080000900183245027900192260004500471300003400516336002700550337005400577338002800631380001600659500007800675504002400753546005400777650006400831650006400895658003400959658003400993655002901027710011001056710006301166710007001229700004501299856009801344856011101442bgKOSZ 00520200114092921.0011122s2000 pl a f |100 0 eng aPB 2001/20518 a8388283499 aWA NcBPK0 aengagerbpol a316.334.55(4-191.2-11) a338.22(4-191.2-11) a(06)00aSocio-economical alterations in rural areas of Central Europe in the transition period /ced. by Michał Jasiulewicz ; Technical University of Koszalin. Faculty of Economy and Management, Polish Academy of Sciences. Institute of Geography and Spatial Organization in Warsaw. aKoszalin :bWydaw. Uczelniane PK,c2000. a245 s. :bil., mapy ;c24 cm. 2rdacontentaTekstbtxt 2rdamediaaBez urządzenia pośredniczącegobn 2rdacarrieraWoluminbnc aKsiążki aMateriały międzynarodowej konferencji zorg. 26 maja 2000 w Koszalinie. aBibliogr. przy ref. aTekst częśc. niem. - Streszcz. pol. przy ref. 4aWieśxgospodarkazEuropa Środkowo-Wschodniayod 1989 r. 4aWieśxsocjologiazEuropa Środkowo-Wschodniayod 1989 r. aSocjologia i społeczeństwo aGospodarka, ekonomia, finanse 4aMateriały konferencyjne2 aInstytut Geografii i Przestrzennego Zagospodarowania im. Stanisława Leszczyckiego (Polska Akademia Nauk)2 aPolitechnika Koszalińska.bWydawnictwo Uczelniane.4pbl.2 aWydział Ekonomii i Zarządzania (Politechnika Koszalińska)b 1 aJasiulewicz, Michałd(1946- )eRedakcja uhttp://koha.tu.koszalin.pl/cgi-bin/koha/opac-detail.pl?biblionumber=38746yKatalog online BPK uhttp://dlibra.tu.koszalin.pl/dlibra/docmetadata?id=964&from=&dirids=1&ver_id=&lp=1&QI=yBiblioteka Cyfrowa